المعجم الأعظم :: يعني عربي اردو لغات ;; al mujam al'azam :: yaeni arabiun urdu lughat / (Record no. 78993)
[ view plain ]
| 000 -LEADER | |
|---|---|
| fixed length control field | 00801nam a2200217 a 4500 |
| 001 - CONTROL NUMBER | |
| control field | 78993 |
| 003 - CONTROL NUMBER IDENTIFIER | |
| rucl marc code | BD-RjUL |
| 005 - DATE AND TIME OF LATEST TRANSACTION | |
| control field | 20220208110746.0 |
| 008 - FIXED-LENGTH DATA ELEMENTS--GENERAL INFORMATION | |
| fixed length control field | 211213s1952 ua ||||| |d|| 00| 0 urd d |
| 035 ## - SYSTEM CONTROL NUMBER | |
| System control number | (BD-RjUL)78993 |
| 040 ## - CATALOGING SOURCE | |
| Original cataloging agency | BD-RjUL |
| Language of cataloging | eng |
| Transcribing agency | BD-RjUL |
| 041 ## - LANGUAGE CODE | |
| Language code of text/sound track or separate title | urd/ara |
| 082 ## - DEWEY DECIMAL CLASSIFICATION NUMBER | |
| Edition number | 23 |
| Classification number | 491.43937 |
| Author mark and year | AZM 1952 |
| 100 1# - MAIN ENTRY--PERSONAL NAME | |
| Personal name | أعظمي، محمد حسن ;; Azami, Muhammad Hassan |
| 9 (RLIN) | 172 |
| 245 ## - TITLE STATEMENT | |
| Title | المعجم الأعظم :: يعني عربي اردو لغات ;; al mujam al'azam :: yaeni arabiun urdu lughat / |
| Statement of responsibility, etc. | محمد حسن الأعظمي ;; Muhammad Hassan Al-Azami |
| 264 ## - PRODUCTION, PUBLICATION, DISTRIBUTION, MANUFACTURE, AND COPYRIGHT NOTICE | |
| Place of production, publication, distribution, manufacture | Misr : |
| Name of producer, publisher, distributor, manufacturer | مكتبۀ اعظميه،, |
| Date of production, publication, distribution, manufacture, or copyright notice | 1952 |
| 300 ## - PHYSICAL DESCRIPTION | |
| Pagination | v. ; |
| Size | 24 cm |
| 650 ## - SUBJECT ADDED ENTRY--TOPICAL TERM | |
| Topical term or geographic name as entry element | Urdu Language |
| Form subdivision | Dictionary |
| 9 (RLIN) | 173 |
| Topical term or geographic name as entry element | Arabic Language |
| Form subdivision | Dictionary |
| 9 (RLIN) | 174 |
| 942 ## - ADDED ENTRY ELEMENTS (KOHA) | |
| Source of classification or shelving scheme | Dewey Decimal Classification |
| Koha item type | Reference |
| Lost status | Source of classification or shelving scheme | Damaged status | Not for loan | Collection code | Permanent Location | Current Location | Shelving location | Date acquired | Source of acquisition | Cost, normal purchase price | Full call number | Date last seen | Copy number | Koha item type | Total Checkouts |
|---|---|---|---|---|---|---|---|---|---|---|---|---|---|---|---|
| Dewey Decimal Classification | Not For Loan | Reference | Central Library, University of Rajshahi | Central Library, University of Rajshahi | Reference | maktab i Zubair Karachi | 75.00 | UR 491.43937 AZM V-5 1952 | 13/12/2021 | C-1 | Reference | ||||
| Dewey Decimal Classification | Not For Loan | Non-fiction | Central Library, University of Rajshahi | Central Library, University of Rajshahi | Reference | 02/07/1970 | maktab i Zubair Karachi | 75.00 | UR 491.43937 V-5 AZM 1952 | 08/02/2022 | C-2 | Reference | |||
| Dewey Decimal Classification | Not For Loan | Non-fiction | Central Library, University of Rajshahi | Central Library, University of Rajshahi | Reference | 02/07/1970 | Maktubat i Zubair, Karachi | 75.00 | UR 491.43937 V-3 AZM 1952 | 28/03/2022 | C-1 | Reference | |||
| Dewey Decimal Classification | Not For Loan | Non-fiction | Central Library, University of Rajshahi | Central Library, University of Rajshahi | Reference | 02/07/1970 | Maktaba - e- Zubair , Karachi | 75.00 | UR 491.43937 V-4 AZM 1952 | 18/05/2022 | C-1 | Reference | |||
| Dewey Decimal Classification | Not For Loan | Non-fiction | Central Library, University of Rajshahi | Central Library, University of Rajshahi | Reference | maktabat i ishaqiah | 75.00 | U 491.43937 AZMV-2 1952 | 19/12/2022 | C-1 | Reference | ||||
| Dewey Decimal Classification | Not For Loan | Rare Books | Central Library, University of Rajshahi | Central Library, University of Rajshahi | Reference | 14/08/2025 | U / R 491.43937 AZM V-1 1947 | 14/08/2025 | c-1 | Reference |